Disney's Epcot Attractions by Description Quiz Stats

 Plays Quiz not verified by Sporcle

Score 0/24 Timer 10:00
0 Plays Today
Description Attraction % Correct
Take flight on a breathtaking journey as you soar over some of the world’s most awe-inspiring sights—from the Great Wall of China to Iguazu Falls in South America. This is yourSoarin'
87.5%
Travel in time and explore the history of communication on a ride that takes you from the Stone Age to the computer age.Spaceship Earth
87.5%
Design a virtual concept vehicle and then go for a high-octane spin at this attraction that’s thrilling and creative.Test Track
87.5%
Figment the playful, purple dragon is your guide on this whimsical tour of the Imagination Institute.Journey Into Imagination With Figment
83.3%
Hoist the sails in Arendelle aboard an ancient Norwegian vessel as you set out into the wondrous wintery world of Frozen! Frozen Ever After
79.2%
Sail through the greenhouses of The Land Pavilion on a boat tour and behold 9-pound lemons, Mickey-shaped pumpkins and more!Living with the Land
79.2%
Tuck away inside the Canada Pavilion for a 14-minute Circle-Vision 360° film showcasing our neighbor to the north. O Canada!
79.2%
Experience authentic NASA-style training and an out-of-this-world space launch on this shuttle simulator. Mission: SPACE
79.2%
Gather ’round a window to the ocean for a real-time Q-and-A session with your favorite totally tubular turtle. Righteous! Turtle Talk With Crush
79.2%
A 20-minute widescreen film about conservation, with color commentary from the stars of Walt Disney’s The Lion King. The Circle of Life
70.8%
Journey through ancient and modern China while watching this 14-minute Circle-Vision 360° film, screening in the China Pavilion. Reflections of China
70.8%
Become a secret agent and go undercover on this interactive quest around World Showcase at Epcot.Disney Phineas and Ferb: Agent P's World Showcase Adventure
66.7%
Description Attraction % Correct
Take in the sights of Mexico and the antics of the 3 feathered amigos on this gentle boat ride through the Mexico Pavilion. Gran Fiesta Tour Starring The Three Caballeros
66.7%
Go under the sea—without getting wet—on this attraction based on Disney•Pixar's Finding Nemo which finds Nemo lost again. The Seas with Nemo & Friends
62.5%
Audio-Animatronics, film and music bring America's past to life during this 30-minute show at the American Adventure Pavilion. The American Adventure
58.3%
Enjoy this 18-minute film showcasing the grandeur, charm and romance of one of Europe’s most enchanting countries. Impressions de France
54.2%
Entertain your curiosities about science and technology inside a vibrant pavilion featuring fun activities and exhibits. Innoventions
54.2%
Further your astronaut training and even create a space-age postcard at this interactive play area next to Mission: SPACE. Advanced Training Lab
33.3%
Explore this interactive play area—after you Journey Into Imagination with Figment—where little ones can explore and create. ImageWorks - The 'What If' Labs
33.3%
Collect stamps and create a personalized souvenir at any or all 11 of these World Showcase craft stations. Kidcot Fun Stops
25%
View a special program where Guests’ likenesses were etched on steel tiles to commemorate their visit to Epcot. Leave a Legacy
16.7%
Depart from Spaceship Earth to discover challenging games and engaging displays in an interactive play area for all ages. Project Tomorrow: Inventing the Wonders of the Future
16.7%
Immerse yourself in the magic of life under the sea at this ocean-themed destination, home to an aquarium and a flood of exhibits. SeaBase
16.7%
Discover the wonders of Shanghai Disney Resort at this sneak peek of Disney’s latest international destination. House of the Whispering Willows
8.3%

You're not logged in!

Compare scores with friends on all Sporcle quizzes.
OR
Log In

Sporcle TV

Today on Sporcle TV


Watch our educational content, quiz creation guides, and fun videos on Sporcle TV.

Show Comments

Extras

Top Quizzes Today


Score Distribution

Your Account Isn't Verified!

In order to create a playlist on Sporcle, you need to verify the email address you used during registration. Go to your Sporcle Settings to finish the process.

Report this User

Report this user for behavior that violates our Community Guidelines.

Details: